000
00271 a2200097 4500
001
56804
100
_a
245
_a
Air engine ; stirling cycle power for a sustainable future
260
_a
Canbridge
_b
Woodhead Publishing Limited Cambridge
_c
2007
090
_c
34888
_d
34888
942
_a
NUST-CAE
_c
_c
27655
999
_c
291877
_d
291877